00684nam a22001697a 4500003000400000005001700004008004100021040002900062050002400091100003600115245003600151260005300187650007900240942001500319952016300334999001700497OSt20250826160218.0250826b |||||||| |||| 00| 0 eng d cChuka University Library aN 6537 .N67S35 1980 aLaurence E. Schmeckebier921800 aThe Art of A. Henry Nordhausen aCanaan, New HampshirebPhoenix Publishingc1980. a1. Nordhausen, A. Henry, 1901- 2. Artists--United States--Biography921801 2lcccBKn0 00102lcc40708LGLaCHKbPGcGENd2025-07-01eDonation from books of Africa.g45.00l0oN 6537 .N67S35 1980p28701/2025r2025-08-26 16:03:21w2025-08-26yBK c20697d20697